Normal view
MARC view
Entry Personal Name
001 - CONTROL NUMBER
- control field: 249069
003 - CONTROL NUMBER IDENTIFIER
- control field: OSt
005 - DATE AND TIME OF LATEST TRANSACTION
- control field: 20251215101946.0
008 - FIXED-LENGTH DATA ELEMENTS
- fixed length control field: 251215|| aca||aabn | a|a d
040 ## - CATALOGING SOURCE
- Original cataloging agency: OSt
- Transcribing agency: OSt
100 ## - HEADING--PERSONAL NAME
- Personal name: Arnson, Robert
670 ## - SOURCE DATA FOUND
- Source citation: Work cat.: (OSt)183274: Hyman, Michael I. 249065, Visual c++ 2: for dummies :, 1997.